000 00838nam a22003257a 4500
001 0003318
003 KOHA_MİRAKIL
005 20260207001334.0
007 ta
008 090325b2002 tu |||gr||||#||||0|tur |
020 _a9753161921
040 _aTR-BiSEU
_btur
_cTR-BiSEU
_erda
041 0 _atur
044 _ctu
050 _aHG4026
_b.T87 2002
100 1 _aTürko, R. Metin.
245 1 _aFinansal yönetim/
_cR. Metin Türko ; R. Metin Türko.
264 1 _aİstanbul :
_bAlfa Yayınları
_c2002
300 _a862 sayfa
336 _ametin
_btxt
_2rdacontent
337 _aaracısız
_bn
_2rdamedia
338 _acilt
_bnc
_2rdacarrier
500 _aKaynakça var.
650 0 _aİşletmeler--Finans.
_98295
650 0 _a
_95500
650 0 _a
_95500
650 0 _a
_95500
650 0 _a
_95500
942 _2lcc
_cBK
999 _c3302
_d3302